00341nam a2200121Ia 4500008004100000020001400041050001500055100002200070245004400092260004500136300002500181650001300206150202s9999 xx 000 0 und d a708813968 aFIC bFIC  aMartini, Therese. 4aThe love and beyond /cTherese Martini. aGreat Britain :bTroubador Books,c1977. a381 ppages :c18 cm. aFiction.